The caregiver's companion : Reading and professional resources

Infants, Toddlers, and Caregivers is an ideal introduction to care and education in the first three years of life, featuring a respectful, cohesive approach inspired by Magda Gerber and Dr. Emmi Pikler, pioneers in what Gerber called “Educaring.” The text emphasizes the value of play and exploration...

وصف كامل

محفوظ في:
التفاصيل البيبلوغرافية
المؤلف الرئيسي: Gonzalez-Mena, Janet
التنسيق: كتاب
اللغة:Undetermined
منشور في: Boston McGraw Hill 2009
الموضوعات:
الوسوم: إضافة وسم
لا توجد وسوم, كن أول من يضع وسما على هذه التسجيلة!
Thư viện lưu trữ: Trung tâm Học liệu Trường Đại học Cần Thơ
LEADER 01106nam a2200229Ia 4500
001 CTU_179465
008 210402s9999 xx 000 0 und d
020 |c 800000 
082 |a 362.712 
082 |b G642 
100 |a Gonzalez-Mena, Janet 
245 4 |a The caregiver's companion : 
245 0 |b Reading and professional resources 
245 0 |c Janet Gonzalez-Mena 
260 |a Boston 
260 |b McGraw Hill 
260 |c 2009 
520 |a Infants, Toddlers, and Caregivers is an ideal introduction to care and education in the first three years of life, featuring a respectful, cohesive approach inspired by Magda Gerber and Dr. Emmi Pikler, pioneers in what Gerber called “Educaring.” The text emphasizes the value of play and exploration, as well as giving careful attention to those caregiving times, when relationships grow and an abundance of learning occurs. 
650 |a Child care,Child development,Chăm sóc trẻ,Phát triển trẻ em 
650 |z United States,United States 
904 |i Trọng Hiếu 
980 |a Trung tâm Học liệu Trường Đại học Cần Thơ